Cálculo y geometría analítica
Sábháilte in:
| Príomhchruthaitheoir: | |
|---|---|
| Rannpháirtithe: | |
| Formáid: | LEABHAR |
| Teanga: | Béarla Spáinnis |
| Foilsithe / Cruthaithe: |
Bogotá
Fondo Educativo Interamericano
1975
|
| Eagrán: | 4a. ed |
| Sraith: | Bilingua
|
| Ábhair: | |
| Clibeanna: |
Cuir clib leis
Níl clibeanna ann, Bí ar an gcéad duine le clib a chur leis an taifead seo!
|
MARC
| LEADER | 00000nam a2200000 a 4500 | ||
|---|---|---|---|
| 001 | UCU2800 | ||
| 003 | CL-VaPUC | ||
| 008 | 960426e19750000CK |||||||||||||||||eng|d | ||
| 041 | 0 | 7 | |a eng |2 CL-VaPUC |
| 041 | 0 | 7 | |a spa |2 CL-VaPUC |
| 082 | 0 | 4 | |a 515.15 |b PRO |2 21 |
| 100 | 0 | |a Protter, Murray H |e author |9 359326 | |
| 700 | |a Morrey, Charles Bradfield |e autor |9 372865 | ||
| 245 | 1 | 0 | |a Cálculo y geometría analítica |
| 246 | 1 | 0 | |a Calculus with analytic geometry |
| 250 | |a 4a. ed | ||
| 300 | |a 572 p | ||
| 942 | |c BK | ||
| 945 | |d 19960426 00:00:00 |a lriquelm | ||
| 260 | |a Bogotá |b Fondo Educativo Interamericano |c 1975 | ||
| 650 | 0 | |a Cálculo |9 260234 | |
| 650 | 0 | |a Geometría analítica |9 260062 | |
| 650 | 0 | |a Funciones |9 263869 | |
| 650 | 0 | |a Álgebra |9 259567 | |
| 650 | 0 | |a Cálculo integral |9 260103 | |
| 650 | 0 | |a Cálculo diferencial |9 260102 | |
| 650 | 0 | |a Parábolas |9 313604 | |
| 583 | |a last modification |c 19960426 00:00:00 |k Rodrigo Vera | ||
| 490 | 0 | |a Bilingua | |
| 999 | |c 247015 |d 247013 | ||
| 952 | |0 0 |1 0 |4 0 |6 515_150000000000000_PRO_1975 |7 0 |8 A |9 262526 |a BIBING |b BIBING |d 2019-11-19 |i 1646060 |l 1 |o 515.15 PRO 1975 |p 1646060 |r 2025-01-20 |s 2024-04-22 |w 2019-11-19 |y BK |k TRA | ||